| 000 | 00393nam a22001457a 4500 | ||
|---|---|---|---|
| 005 | 20200617155505.0 | ||
| 008 | 200617b xxu||||| |||| 00| 0 eng d | ||
| 082 | _a345.4 AIR | ||
| 110 |
_aALL INDIA REPORTER _96161 |
||
| 245 | _aALL INDIA REPORTER [1994] [VOL-81]KARNATAKA SECTION | ||
| 260 |
_aMUMBAI _bALL INDIA REPORTER, PVT. LTD. |
||
| 300 | _a368;p | ||
| 650 |
_aLAW _95701 |
||
| 942 | _cJRL | ||
| 999 |
_c7213 _d7211 |
||